LEADER 01019nam0 2200313 450 001 9910921748003321 005 20250114132949.0 010 $a978-88-351-4799-2 100 $a20250114d2024----km y0itay50 ba 101 0 $aita 102 $aIT 105 $a 001yy 200 1 $a<>festival diffusi$eun nuovo formato organizzativo per le politiche culturali$fAndrea Minetto, Silvia Tarassi$gprefazione e postfazione a cura di Stefano Boeri, Filippo Del Corno 210 $aMilano$cFrancoAngeli$d2024 215 $a185 p.$cfig., tab.$d22 cm 225 1 $aPubblico, professioni e luoghi della cultura$v66 454 0$12001 610 0 $aFestival$aOrganizzazione 676 $a306.48$v22$zita 676 $a394.26$v22$zita 700 1$aMinetto,$bAndrea$01782495 701 1$aTarassi,$bSilvia$01782496 801 0$aIT$bUNINA$gREICAT$2UNIMARC 901 $aBK 912 $a9910921748003321 952 $a306.48 MIN 1$b12440$fBFS 959 $aBFS 996 $aFestival diffusi$94308763 997 $aUNINA